Forests : the shadow of civilization /

Guardado en:
Autor Principal: Harrison, Robert Pogue
Formato: Libro
Publicado: Chicago : University Press, 1992
Materias:
Etiquetas: Agregar Etiqueta
Sin Etiquetas, Sea el primero en etiquetar este registro!
LEADER 00583nam a22001815a 4500
001 EHU.bham044441
003 AR-BHAM
005 20161121133618.0
008 130507s1992##################000#0#####d
020 |a 0226318060 
082 8 0 |a 809.933 
100 1 |a Harrison, Robert Pogue 
245 1 0 |a Forests :  |b the shadow of civilization /  |c  Robert Pogue Harrison 
260 |a Chicago :  |b University Press,  |c 1992 
300 |a 287 p. 
653 |a Literatura y naturaleza-bosques 
653 |a Literatura-introducción a la-bosques 
859 |a AR-BHAM  |b BIB. HUMANIDADES - General  |h 809.933  |i H245  |p 598.16  |t Ej.1